Production, Employment and Productivity of Agricultural Sector in the European Union
Analýza stavu a vývoja hrubej pridanej hodnoty, zamestnanosti a produktivity v ekonomikách EÚ v rokoch 2000 až 2019. Vzťah medzi HDP na obyvateľa a príspevkom poľnohospodárskeho sektora. Zdanlivá produktivita práce. Súvislosť medzi celkovou produktivitou práce v roku 2000 a skutočnou zmenou produkti...
Gespeichert in:
| 1. Verfasser: | |
|---|---|
| Format: | Buchkapitel |
| Sprache: | Englisch |
| Schlagworte: | |
| Tags: |
Keine Tags, Fügen Sie das erste Tag hinzu!
|
MARC
| LEADER | 00000naa a2200000 4500 | ||
|---|---|---|---|
| 001 | 0280504 | ||
| 005 | 20250905135140.7 | ||
| 041 | 0 | |a eng | |
| 044 | |a BG | ||
| 245 | 1 | 0 | |a Production, Employment and Productivity of Agricultural Sector in the European Union |c Silvia Megyesiová |
| 520 | |a Analýza stavu a vývoja hrubej pridanej hodnoty, zamestnanosti a produktivity v ekonomikách EÚ v rokoch 2000 až 2019. Vzťah medzi HDP na obyvateľa a príspevkom poľnohospodárskeho sektora. Zdanlivá produktivita práce. Súvislosť medzi celkovou produktivitou práce v roku 2000 a skutočnou zmenou produktivity práce. | ||
| 610 | 2 | 0 | |a poľnohospodárstvo |
| 610 | 2 | 0 | |a hodnota pridaná |
| 610 | 2 | 0 | |a zamestnateľnosť |
| 610 | 2 | 0 | |a produkcia |
| 610 | 2 | 0 | |a produktivita |
| 610 | 2 | 0 | |a Európska únia |
| 100 | 1 | |a Megyesiová, Silvia, 1969- | |